Pays par fait surprenants - Statistiques

Statistiques générales
  • Ce quiz a été pris 50 fois
  • Le résultat moyen est 5 sur 10
Statistiques - réponses
Hint Réponse % Correct
Ce pays possède plus de moutons que d'habitants Nouvelle Zélande
79%
Ce pays possède la plus longue côte du monde (plus de 200 000 km) Canada
74%
Ce pays possède la capitale la plus haute du monde (environ 3600m) Bolivie (La Paz)
70%
Ce pays abrite la plus grande population de chameaux du monde Australie
64%
Ce pays est officiellement le pays le plus jeune du monde, fondé en 2011 Soudan du Sud
51%
Ce pays a été fondé par des anciens esclaves américains en 1822 Libéria
45%
C'est le seul pays à posséder un désert de glace ET de sable sur son territoire Mongolie
32%
C'est le pays le plus peuplé n'ayant aucune armée officielle Costa Rica
23%
C’est le seul pays au monde où une ville est construite sur plus de 14 petites îles Suède (Stockholm)
21%
C’est le seul pays au monde à posséder un lac contenant du gaz explosif Rwanda
4%
Aucun quiz correspondant
Distribution des résultats
% des personnes avec chaque résultat
Percentile par nombre de réponses
Votre historique - résultats
Vous n’avez pas pris ce quiz